Εισαγωγή στην κοινωνιολογία

Saved in:
Bibliographic Details
Main Author: Giddens, Anthony
Other Authors: Τριανταφυλλοπούλου, Κωνσταντίνα (trlf), Κονιαβίτης, Θωμάς (Editor, Author of introduction, etc.), Γκράβαρης, Διονύσης (Editor)
Format: Book
Language:Greek
English
Published: Αθήνα : Οδυσσέας, 1993.
Edition:3η έκδ.
Subjects:
Tags: Add Tag
No Tags, Be the first to tag this record!

MARC

LEADER 00000cam a2200000 i 4500
001 1/63638
008 930927s1993 gr | ||| |||| ||gre||
020 |a 960210015X 
035 |a ΛΕΣΒΟΣb10001244  |l 10001244 
040 |a GR-MyUa  |b gre  |e AACR2 
041 1 |a gre  |h eng 
082 7 |a 301   |2 (22) 
100 1 |a Giddens, Anthony. 
245 1 0 |a Εισαγωγή στην κοινωνιολογία /   |c Anthony Giddens ; επιμέλεια, πρόλογος Θωμάς Κονιαβίτης ; μετάφραση Ντίνα Τριανταφυλλοπούλου ; επιμέλεια κειμένου Διονύσης Γκράβαρης. 
250 |a 3η έκδ. 
260 |a Αθήνα :   |b Οδυσσέας,   |c 1993. 
300 |a 191 σ. ;   |c 21 εκ. 
650 0 |a Sociology. 
700 1 |a Τριανταφυλλοπούλου, Κωνσταντίνα,  |e trlf 
700 1 |a Κονιαβίτης, Θωμάς,  |e edt  |e aui 
700 1 |a Γκράβαρης, Διονύσης,  |e edt 
765 0 8 |i Μετάφραση του:   |t Sociology, a brief but critical introduction /  
852 |a INST  |b LESVOS  |e 19930927  |h 301 GID  |p 005100001688  |q 005100001688  |t BK  |y 0 
852 |a INST  |b LESVOS  |e 19930927  |h 301 GID  |p 005100001689  |q 005100001689  |t BK  |y 0 
852 |a INST  |b LESVOS  |e 19950412  |h 301 GID  |p 005100001690  |q 005100001690  |t BK  |y 0 
852 |a INST  |b LESVOS  |e 19950412  |h 301 GID  |p 005100001691  |q 005100001691  |t BK  |y 0 
852 |a INST  |b LESVOS  |e 19950412  |h 301 GID  |p 005100001692  |q 005100001692  |t BK  |y 0 
852 |a INST  |b LESVOS  |e 19950412  |h 301 GID  |p 005100001693  |q 005100001693  |t BK  |y 0 
852 |a INST  |b LESVOS  |e 19950412  |h 301 GID  |p 005100001694  |q 005100001694  |t BK  |y 0 
852 |a INST  |b LESVOS  |e 19950412  |h 301 GID  |p 005100001695  |q 005100001695  |t BK  |y 620 
852 |a INST  |b LESVOS  |e 20010126  |h 301 GID  |p 005100029228  |q 005100029228  |t BK  |y 0 
852 |a INST  |b LESVOS  |e 20110913  |h 301 GID  |p 005100051667  |q 005100051667  |t BK  |y 0 
852 |a INST  |b RHODES  |e 20000208  |h 301 GID  |p 005400014049  |q 005400014049  |t BK  |y 0 
852 |a INST  |b RHODES  |e 20010423  |h 301 GID  |p 005400016986  |q 005400016986  |t BK  |y 0 
852 |a INST  |b SYROS  |e 20040219  |h 301 GID  |p 005500003131  |q 005500003131  |t BK  |y 0 
901 |a BIBL5-2004-1 
901 |a BIBL1-2011-3 
920 |a Παράρτημα Βιβλιοθήκης Σάμου  |y Σύρος  |z 2003-12 
920 |a Φοιτητική Μέριμνα  |y Λέσβος  |z 2011-05 
920 |a Σχολή Επιστημών της Διοίκησης Χίου  |y Λέσβος  |z 2001-01 
920 |a Σχολή Επιστημών της Διοίκησης Χίου  |y Ρόδος  |z 2001-03 
922 |a 4ΔΩΡ  |b 200002  |c ΔΩΡΕΑ 
922 |a 4ΔΩΡ  |b 200103  |c ΔΩΡΕΑ 
970 |a Κουλακιότη  |b Λίτσα  |z 11/02/2000